Minecraft Creative Inventory: Redstone Blocks - Statistics

General Stats
  • This quiz has been taken 247 times
    189 since last reset
  • The average score is 41 of 68
Answer Stats
Answer % Correct
Block of Redstone
97%
Redstone Dust
97%
Redstone Comparator
92%
Redstone Repeater
92%
Redstone Torch
89%
Redstone Lamp
86%
Oak Button
83%
Rail
83%
Dispenser
81%
Dropper
81%
Powered Rail
81%
Target
81%
Activator Rail
78%
Hopper
78%
Lever
78%
Minecart
78%
Observer
78%
Piston
78%
Trapped Chest
78%
Oak Pressure Plate
75%
Sticky Piston
75%
Stone Button
72%
TNT
72%
Chest
69%
Heavy Weighted Pressure Plate
69%
Oak Trapdoor
69%
Tripwire Hook
69%
Detector Rail
67%
Minecart with Chest
67%
Minecart with Furnace
67%
Minecart with TNT
67%
Sculk Sensor
67%
Iron Door
64%
Iron Trapdoor
64%
Lectern
64%
Light Weighted Pressure Plate
64%
Oak Door
64%
Calibrated Sculk Sensor
61%
Furnace
61%
Minecart with Hopper
61%
Slime Block
61%
Stone Pressure Plate
61%
String
61%
Crafter
58%
Honey Block
58%
Redstone Ore
58%
Daylight Detector
56%
Jukebox
53%
Barrel
50%
Cauldron
50%
Note Block
50%
Oak Fence Gate
50%
Chiseled Bookshelf
47%
Composter
44%
Armor Stand
36%
Block of Amethyst
36%
Oak Boat with Chest
36%
Sculk Shrieker
36%
White Wool
36%
Lightning Rod
31%
Bamboo Raft with Chest
28%
Bell
28%
Big Dripleaf
22%
Waxed Copper Bulb
22%
Waxed Weathered Copper Bulb
22%
Decorated Pot
19%
Waxed Exposed Copper Bulb
19%
Waxed Oxidized Copper Bulb
19%
No matching quizzes found
Score Distribution
Percent of People with Each Score
Percentile by Number Answered
Your Score History
You have not taken this quiz since the last reset